书目信息 |
| 题名: |
潮汐
|
|
| 作者: | 怀特 著 ;丁莉 译 | |
| 分册: | ||
| 出版信息: | 北京 北京联合出版公司 2018.01 |
|
| 页数: | 382页 | |
| 开本: | 22cm | |
| 丛书名: | ||
| 单 册: | ||
| 中图分类: | P731.23 | |
| 科图分类: | ||
| 主题词: | 潮汐--chao xi--普及读物 | |
| 电子资源: | ||
| ISBN: | 978-7-5596-1028-7 | |
| 000 | 01494nam0 2200301 450 | |
| 001 | CAL 0120172316536 | |
| 005 | 20181203155242.51 | |
| 010 | @a978-7-5596-1028-7@b精装@dCNY80.00 | |
| 100 | @a20180102d2018 em y0chiy50 ea | |
| 101 | 1 | @achi@ceng |
| 102 | @aCN@b110000 | |
| 105 | @aab a 000yy | |
| 106 | @ar | |
| 200 | 1 | @a潮汐@Achao xi@e宇宙星辰掀起的波澜与奇观@f(美) 乔纳森·怀特著@d= Tides@ethe science and spirit of the ocean@fJonathan White@g丁莉译@zeng |
| 210 | @a北京@c北京联合出版公司@d2018.01 | |
| 215 | @a382页@c图, 地图@d22cm | |
| 314 | @a乔纳森·怀特, 美国作家、航海家、冲浪运动员、海洋环境保护着。丁莉, 英国华威大学戏剧与语言教育专业硕士。 | |
| 320 | @a有书目 (第369-382页) | |
| 330 | @a本书结合了丰富的旅游记事、刺激的科学研究分析, 并以平易近人、优美流畅的文笔, 来描写这股让地球之水翻来覆去, 强大又神秘的自然现象。乔纳森·怀特为了研究各地的潮汐, 足迹遍布世界各地。他详细调查了海浪、潮汐的能量, 以及那些受到潮汐影响的海洋生命, 详细整理了几十年来历史上人类对于潮汐的研究与想法。他分享了关于潮汐的许多面向, 包含潮汐的形成, 以及如何影响许多生活在其律动之下的人类文明。 | |
| 500 | 10 | @aTides : the science and spirit of the ocean@mChinese |
| 517 | 1 | @a宇宙星辰掀起的波澜与奇观@Ayu zhou xing chen xian qi de bo lan yu qi guan |
| 606 | 0 | @a潮汐@Achao xi@j普及读物 |
| 690 | @aP731.23@v5 | |
| 701 | 1 | @a怀特@Ahuai te@g(White, Jonathan)@4著 |
| 702 | 0 | @a丁莉@Ading li@4译 |
| 801 | 0 | @aCN@b人天书店@c20180102@g |
| 905 | @aBZT@dP731.23@e1 | |
| 906 | @dCNY80.00@n3@r1 | |
| 潮汐:宇宙星辰掀起的波澜与奇观/(美) 乔纳森·怀特著= Tides:the science and spirit of the ocean/Jonathan White/丁莉译.-北京:北京联合出版公司,2018.01 |
| 382页:图, 地图;22cm |
| ISBN 978-7-5596-1028-7(精装):CNY80.00 |
| 本书结合了丰富的旅游记事、刺激的科学研究分析, 并以平易近人、优美流畅的文笔, 来描写这股让地球之水翻来覆去, 强大又神秘的自然现象。乔纳森·怀特为了研究各地的潮汐, 足迹遍布世界各地。他详细调查了海浪、潮汐的能量, 以及那些受到潮汐影响的海洋生命, 详细整理了几十年来历史上人类对于潮汐的研究与想法。他分享了关于潮汐的许多面向, 包含潮汐的形成, 以及如何影响许多生活在其律动之下的人类文明。 |
| ● |
| 相关链接 |
|
|
|
正题名:潮汐
索取号:P731.23/1
 
预约/预借
| 序号 | 登录号 | 条形码 | 馆藏地/架位号 | 状态 | 备注 |
| 1 | 854281 | 2000854281 | 第二书库/ [索取号:P731.23/1] | 在馆 | |
| 2 | 854282 | 2000854282 | 第二书库/ [索取号:P731.23/1] |
已借出,限还日期为2021.11.20 借出人:王进博 |